000 00311 a2200145 4500
001 60012
020 _a3126757723
040 _cAnchieta - Pituba
240 1 0 _aWir B1
_lpor
245 1 0 _aWir B1
300 _a103
362 0 _a2008
650 4 _aLínguas germânicas (teutônicas) língua alemã
942 _cBK
999 _c60012
_d60012